Statistics for Currencies named Dollar

Click here to take the quiz!

General Stats

  • This quiz has been taken 181 times
    (139 since last reset)
  • The average score is 11 of 25

Answer Stats

Currency% Correct
Australian dollar
92%
United States dollar
90%
Canadian dollar
89%
New Zealand dollar
85%
Jamaican dollar
60%
Singapore dollar
59%
Bahamian dollar
58%
Barbadian dollar
54%
Fijian dollar
50%
Trinidad and Tobago dollar
49%
Belize dollar
43%
Guyanese dollar
43%
Hong Kong dollar
40%
New Taiwan dollar
38%
Liberian dollar
37%
Surinamese dollar
37%
Kiribati dollar
36%
Brunei dollar
33%
Solomon Islands dollar
33%
Tuvaluan dollar
32%
Namibian dollar
23%
Bermudian dollar
22%
East Caribbean dollar
22%
Cayman Islands dollar
13%
Cook Islands dollar
7%

Score Distribution

Percentile by Number Answered

Percent of People with Each Score

Your Score History

You have not taken this quiz since the last reset